000 00371nam a2200133Ia 4500
008 240624s9999 xx 000 0 und d
041 _aeng
082 _a658.4 TER
100 _aTERWIESCH CHRISTIAN
245 _aINNOVATION TOURNAMENTS CREATING AND SELE
260 _c2009
_aBoston
_bHarvard Business School Press
300 _ax, : 242 : p. : cm. ; 24
365 _cRS
_b30
999 _c14463
_d14463